| 000 | 00717nam a2200193 i 4500 | ||
|---|---|---|---|
| 001 | 86907 | ||
| 003 | ES-MaACL | ||
| 007 | t| | ||
| 008 | 041216s1948 mx ||||1| spa d | ||
| 100 | 1 |
_aKolmer, John A. _968526 |
|
| 245 | 1 | 0 |
_aMétodos de laboratorio clínico / _cpor John A. Kolmer y Fred Boerner ; traducción española de la 4ª ed. inglesa por Ramón Rodríguez de Mata y José R. Pérez Lías. |
| 250 | _a[2ª ed. española]. | ||
| 260 |
_aMéxico : _bInteramericana, _c1948. |
||
| 300 |
_aXXXIII, 1083 p., 18 lám. : _bil. ; _c25 cm. |
||
| 700 | 1 |
_aBoerner, Fred. _929752 |
|
| 700 | 1 |
_aRodríguez de Mata, Ramón. _998466 |
|
| 700 | 1 |
_aPérez Lías, José R. _990964 |
|
| 852 |
_aES-MaACL _jE-1604 _bR.27150 |
||
| 999 |
_c86907 _d86907 |
||